| 000 | 00622nam a2200229Ia 4500 | ||
|---|---|---|---|
| 003 | OSt | ||
| 005 | 20220927105736.0 | ||
| 006 | a|||||r|||| 00| 0 | ||
| 007 | ta | ||
| 008 | 220926b |||||||| |||| 00| 0 eng d | ||
| 024 | _a200947 | ||
| 037 | _cReference Collections | ||
| 040 |
_aRTL _cRTL _beng |
||
| 041 |
_2eng _aeng |
||
| 082 | _a"n2,N32, L4/RR" | ||
| 100 |
_aSarkar S. _9374654 |
||
| 245 | 0 | _aHindustan yearbook and who's who | |
| 260 |
_aCalcutta _bM. C. Sarkar & Sons _c1974 |
||
| 300 |
_a161p. _ccm. |
||
| 942 |
_h"n2,N32, L4/RR" _cCC |
||
| 999 |
_c694311 _d694311 |
||